<?xml version="1.0" encoding="UTF-8"?>
<record
    xmlns:xsi="http://www.w3.org/2001/XMLSchema-instance"
    xsi:schemaLocation="http://www.loc.gov/MARC21/slim http://www.loc.gov/standards/marcxml/schema/MARC21slim.xsd"
    xmlns="http://www.loc.gov/MARC21/slim">

  <leader>03243nam a22002537a 4500</leader>
  <controlfield tag="003">DO-SdBJH</controlfield>
  <controlfield tag="005">20250612193917.0</controlfield>
  <controlfield tag="008">210923b           ||||| |||| 00| 0 spa d</controlfield>
  <datafield tag="040" ind1=" " ind2=" ">
    <subfield code="a">DO-SdBJH</subfield>
    <subfield code="b">spa</subfield>
    <subfield code="c">DO-SdBJH</subfield>
  </datafield>
  <datafield tag="090" ind1=" " ind2=" ">
    <subfield code="a">TG AAGBPFAFM</subfield>
    <subfield code="b">01705 2019</subfield>
  </datafield>
  <datafield tag="100" ind1="1" ind2=" ">
    <subfield code="a">Puello Lucas, Joan</subfield>
    <subfield code="e">sustentante</subfield>
  </datafield>
  <datafield tag="245" ind1="1" ind2="0">
    <subfield code="a">Incidencia de la inmigraci&#xF3;n Haitiana en el Sistema de Salud del Hospital Militar Docente Dr. Ram&#xF3;n de Lara 2018-2019 / </subfield>
    <subfield code="c">Joan Puello Lucas, Jhonathan Bodden Henr&#xED;quez ; asesor metodol&#xF3;gico Tebi Rodr&#xED;guez ; asesor de contenido Gonz&#xE1;lez Carpio.</subfield>
  </datafield>
  <datafield tag="260" ind1=" " ind2=" ">
    <subfield code="a">Santo Domingo Este :</subfield>
    <subfield code="b">INSUDE, </subfield>
    <subfield code="c">2019.</subfield>
  </datafield>
  <datafield tag="300" ind1=" " ind2=" ">
    <subfield code="a">v, 53 p&#xE1;ginas.</subfield>
  </datafield>
  <datafield tag="502" ind1=" " ind2=" ">
    <subfield code="a">Tesis y trabajo de grado (Licenciatura en Ciencias Aeron&#xE1;uticas) -- Instituto Superior para la Defensa (INSUDE). -- Academia A&#xE9;rea Gral. De Brigada Piloto Frank Andr&#xE9;s Feliz Miranda, 2019.</subfield>
  </datafield>
  <datafield tag="504" ind1=" " ind2=" ">
    <subfield code="a">Incluye referencias bibliogr&#xE1;ficas e &#xED;ndices.</subfield>
  </datafield>
  <datafield tag="505" ind1=" " ind2=" ">
    <subfield code="a">Antecedentes hist&#xF3;ricos de la inmigraci&#xF3;n Haitiana en la Rep&#xFA;blica Dominicana. -- Aspectos generales en la incidencia de la inmigraci&#xF3;n Haitiana en el Sistema de Salud del Hospital Militar Docente Dr. Ram&#xF3;n De Lara. -- Importancia del Sistema de Salud del Hospital Militar Docente Dr. Ram&#xF3;n De Lara y la incidencia causado por la inmigraci&#xF3;n Haitiana.</subfield>
  </datafield>
  <datafield tag="520" ind1=" " ind2=" ">
    <subfield code="a">La migraci&#xF3;n haitiana en la republica dominicana tiene sus or&#xED;genes hist&#xF3;ricos en la ventaja comparativa que mostro industria azucarera dominicana la disponibilidad de una fuente de trabajo de mano de obra a un bajo costo, superando el nivel de los todos los salarios establecidos a los dominicanos. 
Es importante mencionar y destacar que la industria azucarera de la Rep&#xFA;blica Dominicana comenz&#xF3; su gran crecimiento despu&#xE9;s de la segunda guerra mundial y encontr&#xF3; fuente cercana en la contracci&#xF3;n de haitianos para el cultivo de ca&#xF1;a durante las zafras.
     El valor de la fuerza de trabajo haitiana  en la industria azucarera, en el cultivo del caf&#xE9;, cacao, y arroz en la industria de la construcci&#xF3;n, pone en manifiesto un alto &#xED;ndice haitianos residentes en tierras dominicanas y en papel que desenvuelve en la econom&#xED;a, sin dejar que en los &#xFA;ltimos a&#xF1;os la migraci&#xF3;n haitiana ha aumentado y reproduci&#xE9;ndose en este pa&#xED;s vi&#xE9;ndonos nosotros en el deber de brindarles las atenciones m&#xE9;dicas en nuestros hospitales ya sea por motivos de partos, accidentes o enfermedades arrastrada sin importa si tienen consigo toda su documentaci&#xF3;n legal siendo este uno de los casos m&#xE1;s vistos.
     Esta situaci&#xF3;n se ve reflejada en un fuerte programa de revisi&#xF3;n de documentos para demostrar la legalidad en permanencia de los ciudadanos que residen en la rep&#xFA;blica dominicana por parte de la gloriosa Fuerza A&#xE9;rea De Rep&#xFA;blica Dominicana y la Fuerzas Armadas en conjunto, con el fin de mantener los niveles de salubridad y la permanencia de la estabilidad del sistema de salud de toda la naci&#xF3;n. 
</subfield>
  </datafield>
  <datafield tag="700" ind1="1" ind2=" ">
    <subfield code="a">Bodden Henr&#xED;quez, Jhonathan </subfield>
    <subfield code="e">sustentante</subfield>
  </datafield>
  <datafield tag="700" ind1="1" ind2=" ">
    <subfield code="a"> Rodr&#xED;guez, Tebi</subfield>
    <subfield code="e">asesor metodol&#xF3;gico</subfield>
  </datafield>
  <datafield tag="700" ind1="1" ind2=" ">
    <subfield code="a">Gonz&#xE1;lez Carpio</subfield>
    <subfield code="e">asesor de contenido</subfield>
  </datafield>
  <datafield tag="830" ind1=" " ind2=" ">
    <subfield code="a">INSUDE.  Academia A&#xE9;rea Gral. De Brig. Pil.  Frank Andr&#xE9;s  Feliz Miranda.  Tesis y disertaciones acad&#xE9;micas</subfield>
  </datafield>
  <datafield tag="942" ind1=" " ind2=" ">
    <subfield code="2">CL</subfield>
    <subfield code="c">T</subfield>
  </datafield>
  <datafield tag="999" ind1=" " ind2=" ">
    <subfield code="c">6606</subfield>
    <subfield code="d">6606</subfield>
  </datafield>
  <datafield tag="952" ind1=" " ind2=" ">
    <subfield code="0">0</subfield>
    <subfield code="1">0</subfield>
    <subfield code="2">CL</subfield>
    <subfield code="4">0</subfield>
    <subfield code="7">1</subfield>
    <subfield code="8">TG</subfield>
    <subfield code="a">BJHA</subfield>
    <subfield code="b">BJHA</subfield>
    <subfield code="d">2021-09-23</subfield>
    <subfield code="i">01705</subfield>
    <subfield code="l">0</subfield>
    <subfield code="o">TG AAGBPFAFM 01705 2019</subfield>
    <subfield code="p">01705</subfield>
    <subfield code="r">2021-09-23 00:00:00</subfield>
    <subfield code="t">e.1</subfield>
    <subfield code="w">2021-09-23</subfield>
    <subfield code="y">T</subfield>
  </datafield>
</record>
